LEADER 01011nam a2200265 u 4500 001 000000051274 003 CaOOAMICUS 005 20070226115322.0 008 000913s1960 it u000 u ita u 035 $a10855378 040 $aPUL(R)$bita 041 1 $aita$hfre 100 1 $aGorz, André,$d1923-$0(OLS)http://pul/name/36825 245 13$aLa morale della storia /$cAndré Gorz. 260 $aMilano :$bIl Saggiatore,$c1960. 300 $a261 p. ;$c21 cm 490 1 $aLa cultura (Il Saggiatore) ;$v17 650 4$aSocialismo$zEuropa.$0(OLS)http://pul/subject/21552 830 3$aLa cultura (Il Saggiatore) ;$v17.$0(OLS)http://pul/title/13698 850 $aPUL 852 $aPUL$W1$xDP1 Fondo Maccarrone$y58$m1521 C 30$j67928$nBK-PRI$b $qFondi$B67928$CPULBib$Z2$F67928 $H $81 941 1 $a1 961 $aINV: 5390.F.Maccarrone 996 $6245$aLa morale della storia$9(OLS)http://pul/title/68921 996 $6260$aMilano :$bIl Saggiatore$9(OLS)http://pul/publisher/49408 LEADER 01061nam a2200265 u 4500 001 000000061817 003 CaOOAMICUS 005 20070226121051.0 008 010913s1977 gw u000 u ger u 020 $a3466350271 035 $a10902714 040 $aPUL(R)$bita 100 1 $aKuhn, Annette,$d1945-$0(OLS)http://pul/name/42163 245 10$aIndustrielle Revolution und Gesellschaftlicher Wandel /$cAnnette Kuhn. 260 $aMünchen :$bKösel,$c1977. 300 $a101 p. ;$c24 cm 650 4$aEconomia.$0(OLS)http://pul/subject/1893 650 4$aRivoluzione industriale.$0(OLS)http://pul/subject/22244 850 $aPUL 852 $aPUL$W1$xDP1 Cons. Gen., Altre Classi 1$y22$m46 D 20$j80479$nBK-PRI$b $qStampati$B80479$CPULBib$Z2$F80479 $H $81 941 1 $a8 961 $aINV: 65560 996 $6020$a3466350271$9(OLS)http://pul/number/80103 996 $6245$aIndustrielle Revolution und Gesellschaftlicher Wandel$9(OLS)http://pul/title/82520 996 $6260$aMünchen :$bKösel$9(OLS)http://pul/publisher/51630 LEADER 01819nam a2200361 a 4500 001 000000133619 003 CaOOAMICUS 005 20130422145337.0 008 130422m19859999it u000 u ita r 020 $a88-08-07002-6 (v. 3) 040 $aPUL$bita 082 04$a342.45 245 03$aLe regioni, le province, i comuni. 260 $aBologna :$bZanichelli,$c1985-$aRoma :$bSoc. Ed. del Foro Italiano 300 $av. ;$c25 cm 490 1 $aCommentario della Costituzione 500 $aInclude indici. 504 $aInclude riferimenti bibliografici. 505 1 $aV. 1. Art. 114-120 / Sergio Bartole ... [et al.]. -- v. 3. Art. 128-133 / Ettore Rotelli, Francesca Trimarchi Banfi, Maurizio Pedrazza Gorlero. 700 1 $aRotelli, Ettore.$0(OLS)http://pul/name/86077 700 1 $aTrimarchi Banfi, Francesca.$0(OLS)http://pul/name/86078 700 1 $aPedrazza Gorlero, Maurizio.$0(OLS)http://pul/name/84291 700 1 $aBartole, Sergio.$0(OLS)http://pul/name/82422 830 0$aCommentario della Costituzione (Zanichelli).$0(OLS)http://pul/title/168871 850 $aPUL 852 $aPUL$W1$xSL Diritto e Scienze Sociali 3$y79$m342. 45 BRAGI 1.27$j153581$av. 1$qDDC 21$B153148$CPULBib$Z2$F153148 $H122243 $82 852 $aPUL$W1$xSL Diritto e Scienze Sociali 3$y79$m342. 45 BRAGI 1.30$j153582$av. 3$qDDC 21$B153149$CPULBib$Z2$F153149 $H122245 $82 996 $6020$a88-08-07002-6 (v. 3)$9(OLS)http://pul/number/152483 996 $6082$a342.45$9(OLS)http://pul/classification/377 996 $6245$aLe regioni, le province, i comuni$9(OLS)http://pul/title/168895 996 $6260$aBologna :$bZanichelli$9(OLS)http://pul/publisher/48255 996 $6260$aRoma :$bSoc. Ed. del Foro Italiano$9(OLS)http://pul/publisher/64651 LEADER 01562nam a2200313 u 4500 001 000000074309 003 CaOOAMICUS 005 20070226122440.0 008 021204s1995 gw u000 u ger u 020 $a3161463781 035 $a10947262 040 $aPUL$bita 100 1 $aMetzner, Rainer.$0(OLS)http://pul/name/49290 245 14$aDie Rezeption des Matthäusevangeliums im 1. Petrusbrief :$bStudien zum traditionsgeschichtlichen und theologischen Einfluss des 1. Evangeliums auf den 1. Petrusbrief /$cvon Rainer Metzner. 260 $aTübingen :$bMohr,$cc1995. 300 $aix, 340 p. ;$c24 cm 490 1 $aWissenschaftliche Untersuchungen zum Neuen Testament.$aReihe 2 ;$v74 500 $aCompende indici. 504 $aBibliografia: p. [296]-313. 630 04$aBiblia.$pN.T.$pMatthaeus.$0(OLS)http://pul/subject/37788 630 04$aBiblia.$pN.T.$pPetri I.$0(OLS)http://pul/subject/19012 830 0$aWissenschaftliche Untersuchungen zum Neuen Testament.$nReihe 2 ;$v74.$0(OLS)http://pul/title/264 850 $aPUL 852 $aPUL$W1$xSL Religione 1$y3$m16 I 74$j95869$nBK-PRI$b $qStampati$B95869$CPULBib$Z2$F95869 $H $81 941 1 $a8 961 $aINV: 89646 996 $6020$a3161463781$9(OLS)http://pul/number/96272 996 $6245$aDie Rezeption des Matthäusevangeliums im 1. Petrusbrief :$bStudien zum traditionsgeschichtlichen und theologischen Einfluss des 1. Evangeliums auf den 1. Petrusbrief$9(OLS)http://pul/title/97599 996 $6260$aTübingen :$bMohr$9(OLS)http://pul/publisher/48065